Znióváralja Lazáni kápolna
Zobrazenie: Pohľad na kaplnku vpravo za mladými stromami. Vľavo vedie vyšľapaný chodníček pomedzi trávnik, vpravo od neho stojí v pozadí muž. Za ním rastú husté listnaté stromy. Vľavo je vino vysoký listnatý strom a za ním drevený latkový plot. Vľavo za plotom vidno rad budov
| Format: | Photo |
|---|---|
| Language: | Hungarian Slovak |
| PhysicalDescription: | 1 pohľadnica čiernobiela 9 x 14 cm |
| Published: |
[Slovensko?]
[vydavateľ neznámy]
[medzi 1905 a 1930?]
|
| Subjects: |
MARC
| LEADER | 00000nkm a2200000 a 4500 | ||
|---|---|---|---|
| 001 | vtls011842225 | ||
| 003 | SK-MaSNL | ||
| 005 | 20260301050718.0 | ||
| 007 | kf bo | ||
| 008 | 230706q1905 xo g kuhun | ||
| 015 | |a SNBG | ||
| 035 | |a urn:nbn:sk:snk-km00dw1b | ||
| 035 | |a urn:nbn:sk:snk-km3ls0t | ||
| 035 | |a 79ED60C7-8914-4D42-9E2F-A9BF6C723B94 | ||
| 040 | |a SNK |b slo |c SNK |e AACR2 | ||
| 041 | 0 | |a hun |a slo | |
| 043 | |a e-xo--- | ||
| 044 | |a xo |c SK | ||
| 072 | 7 | |a 913 |x Regionálna geografia |2 konspekt | |
| 080 | |a 913(437.6) |2 2011 | ||
| 080 | |a 726:27-523.43 |2 2011 | ||
| 080 | |a (084.121) |2 2011 | ||
| 080 | |a 721 |2 2011 | ||
| 245 | 0 | 0 | |a Znióváralja |h grafika |b Lazáni kápolna |
| 246 | 3 | 1 | |a Kláštor pod Zniovom |b Lazianska kaplnka |
| 260 | |a [Slovensko?] |b [vydavateľ neznámy] |c [medzi 1905 a 1930?] | ||
| 300 | |a 1 pohľadnica |b čiernobiela |c 9 x 14 cm | ||
| 500 | |a Názvové údaje prevzaté z obrazovej časti pohľadnice | ||
| 520 | 8 | |a Zobrazenie: Pohľad na kaplnku vpravo za mladými stromami. Vľavo vedie vyšľapaný chodníček pomedzi trávnik, vpravo od neho stojí v pozadí muž. Za ním rastú husté listnaté stromy. Vľavo je vino vysoký listnatý strom a za ním drevený latkový plot. Vľavo za plotom vidno rad budov | |
| 546 | |a Súbežný názov a podnázov v slov. | ||
| 650 | 0 | 7 | |a kaplnky |2 SNKPH |9 3026 |
| 650 | 0 | 7 | |a budovy |2 SNKPH |9 1283 |
| 651 | 7 | |a Kláštor pod Znievom (Slovensko) |2 SNKPHgeo |9 28361 | |
| 655 | 7 | |a miestne pohľadnice |2 SNKPH |9 70510 | |
| 852 | |a Slovenská národná knižnica | ||
| 958 | |a ONDV | ||
| 958 | |a GBN | ||
| 958 | |a GC | ||
| 999 | |c 601613 |d 603543 | ||
| 952 | |a SNK |b SNK |y PREZ |7 0 |p 17A1285932 |o snkSP 82318 |0 0 |1 0 |4 0 |d 2019-02-21 |f 1 |l 0 |r 2026-02-23 15:56:50 |w 2026-02-23 | ||


